Turbo C Popis jazyka

Gespeichert in:
Bibliographische Detailangaben
1. Verfasser: Nenadál, Karel
Weitere Verfasser: Václavíková, Dana
Format: Buch
Sprache:Tschechisch
Veröffentlicht: Praha Grada 1991
Ausgabe:1. vyd.
Schriftenreihe:Nestůjte za dveřmi
Schlagworte:
Tags: Tag hinzufügen
Keine Tags, Fügen Sie das erste Tag hinzu!

MARC

LEADER 00000nam a2200000 4500
001 c001240
005 20221214095102.3
020 |a 80-85424-08-8 
041 0 |a cze 
044 |a CZ 
245 1 0 |a Turbo C  |b Popis jazyka  |c Karel Nenadál, Dana Václavíková 
250 |a 1. vyd. 
264 1 |a Praha  |b Grada  |c 1991 
300 |a 263 s. 
490 1 |a Nestůjte za dveřmi 
830 0 |a Nestůjte za dveřmi 
610 2 0 |a Turbo C 
610 2 0 |a jazyky programovacie 
610 2 0 |a programovanie 
610 2 0 |a vstupy 
610 2 0 |a výstupy 
610 2 0 |a pamäť počítača 
100 1 |a Nenadál, Karel 
700 1 |a Václavíková, Dana